<?xml version="1.0" encoding="UTF-8"?>
<record
    xmlns:xsi="http://www.w3.org/2001/XMLSchema-instance"
    xsi:schemaLocation="http://www.loc.gov/MARC21/slim http://www.loc.gov/standards/marcxml/schema/MARC21slim.xsd"
    xmlns="http://www.loc.gov/MARC21/slim">

  <leader>02471nam a2200277uu 4500</leader>
  <controlfield tag="001">1082897</controlfield>
  <controlfield tag="005">20260507083654.0</controlfield>
  <controlfield tag="007">cr|||||||</controlfield>
  <controlfield tag="008">080529s2008                        spa  </controlfield>
  <datafield tag="035" ind1=" " ind2=" ">
    <subfield code="a">1082897</subfield>
  </datafield>
  <datafield tag="040" ind1=" " ind2=" ">
    <subfield code="c">comduadb</subfield>
  </datafield>
  <datafield tag="041" ind1=" " ind2=" ">
    <subfield code="a">spa</subfield>
  </datafield>
  <datafield tag="080" ind1=" " ind2=" ">
    <subfield code="a">PQU</subfield>
  </datafield>
  <datafield tag="100" ind1="1" ind2="0">
    <subfield code="a">Palacios Ruiz, Johanna del Pilar</subfield>
    <subfield code="4">aut</subfield>
    <subfield code="e">aut</subfield>
    <subfield code="9">455062</subfield>
  </datafield>
  <datafield tag="245" ind1="1" ind2="0">
    <subfield code="a">Optimizaci&#xF3;n de la planta auxiliar de recuperaci&#xF3;n de cromo en Curtimbres de Itag&#xFC;&#xED;</subfield>
  </datafield>
  <datafield tag="260" ind1=" " ind2=" ">
    <subfield code="a">Medell&#xED;n :</subfield>
    <subfield code="b">[sin publicador],</subfield>
    <subfield code="c">2008.</subfield>
  </datafield>
  <datafield tag="300" ind1=" " ind2=" ">
    <subfield code="a">83 p&#xE1;ginas</subfield>
  </datafield>
  <datafield tag="520" ind1="3" ind2=" ">
    <subfield code="a">En el proceso de recurtici&#xF3;n del cuero los ba&#xF1;os presentan diferentes formulaciones, por lo tanto las descargas de estos son variables, adem&#xE1;s llevan restos de anilinas, colorantes y otros, encargados de te&#xF1;ir las hojas de cuero y darles las caracter&#xED;sticas necesarias dependiendo de lo requerido por el producto final. Por el contrario en el proceso del curtido las formulaciones solo var&#xED;an seg&#xFA;n el espesor del cuero, lo que ocasiona que los ba&#xF1;os escurridos presenten o no un mayor o menor agotamiento del cromo, aunque siempre estas descargas presentan menos variabilidad que las de recurtido. De esta manera entonces, se identific&#xF3; como problem&#xE1;tica principal conocer las descargas de cromo del recurtido, para lo cual era necesario estimar las concentraciones de las aguas que conten&#xED;an los residuos de cromo, definir el proceso del cual sal&#xED;an, estudiar alternativas de recuperaci&#xF3;n de estos sin que las otras sustancias presentes afectaran el proceso que se ten&#xED;a establecido para la recuperaci&#xF3;n de cromo, proponer diferentes formas de recolecci&#xF3;n, seg&#xFA;n las formas o situaciones de las p&#xE9;rdidas y hacer un estimativo de lo que deber&#xED;a ser la ampliaci&#xF3;n de la Planta de recuperaci&#xF3;n de cromo. Cabe anotar que la empresa ya contaba con una planta de recuperaci&#xF3;n de cromo, que permiti&#xF3; un mejoramiento en los resultados de vertimientos que la empresa hace a la Planta de tratamiento de San Fernando y beneficios econ&#xF3;micos al utilizar el licor de cromo recuperado en el proceso de curtido, m&#xE1;s esto no hab&#xED;a sido suficiente para estar por debajo del tope requerido de este elemento en las descargas.</subfield>
  </datafield>
  <datafield tag="650" ind1=" " ind2=" ">
    <subfield code="a">F&#xE1;brica de Curtimbres Itag&#xFC;&#xED; (Empresa comercial)</subfield>
    <subfield code="9">175874</subfield>
  </datafield>
  <datafield tag="650" ind1=" " ind2=" ">
    <subfield code="a">Recuperaci&#xF3;n de cromo</subfield>
    <subfield code="9">116495</subfield>
  </datafield>
  <datafield tag="650" ind1=" " ind2=" ">
    <subfield code="a">Proceso de curtido</subfield>
    <subfield code="9">168789</subfield>
  </datafield>
  <datafield tag="700" ind1="1" ind2="0">
    <subfield code="a">G&#xF3;mez Vanegas, Natalia Andrea</subfield>
    <subfield code="4">ths</subfield>
    <subfield code="e">ths</subfield>
    <subfield code="9">290402</subfield>
  </datafield>
  <datafield tag="942" ind1=" " ind2=" ">
    <subfield code="c">TESIS</subfield>
  </datafield>
  <datafield tag="999" ind1=" " ind2=" ">
    <subfield code="c">459825</subfield>
    <subfield code="d">459825</subfield>
  </datafield>
  <datafield tag="502" ind1=" " ind2=" ">
    <subfield code="b">178</subfield>
    <subfield code="c">17</subfield>
  </datafield>
  <datafield tag="526" ind1=" " ind2=" ">
    <subfield code="a">180</subfield>
  </datafield>
  <datafield tag="952" ind1=" " ind2=" ">
    <subfield code="0">0</subfield>
    <subfield code="1">0</subfield>
    <subfield code="4">0</subfield>
    <subfield code="7">0</subfield>
    <subfield code="8">TESELEC</subfield>
    <subfield code="a">CENDI</subfield>
    <subfield code="b">CENDI</subfield>
    <subfield code="d">2008-05-29</subfield>
    <subfield code="i">C1004792</subfield>
    <subfield code="l">0</subfield>
    <subfield code="o">PQU 04367</subfield>
    <subfield code="r">2023-04-27 00:00:00</subfield>
    <subfield code="t">1</subfield>
    <subfield code="w">2023-04-27</subfield>
    <subfield code="y">INTER</subfield>
  </datafield>
</record>
